00905 a2200169 4500003000500000005001700005022001800022040000900040082001100049100002000060245006000080260002400140300000900164505052600173650002500699651001100724Nust20170207154012.0 a9780595154821 cNust a005.43 aFrampton, Steve aLinux Administration Made Easy (E-BOOK)bSteve Frampton aIuniverse Incc2000 a85 p aPreface (Page-1) Introduction (Page-2) Linux Overview (Page-5) Installation and Hardware Configuration (Page-9) Configuring the X Window System (Page-19) General System Administration Issues (Page-25) Custom Configuration and Administration Issues (Page-31) Backup and Restore Procedures (Page-44) Various & Sundry Administrative Tasks (Page-53) Upgrading Linux and Other Applications (Page-58) Enterprise Computing with Linux (Page-71) Strategies for Keeping a Secure Server (Page-75) Help! Trouble in Paradise (Page-79) aLinux Administration aE-BOOK